Southville International School and Colleges
Your cart is empty.
  • Cart
  • Lists
    Public lists Eva Luna New books Lux_list list_1
    Your lists Log in to create your own lists
  • Log in to your account
  • Your cookies
  • Search history
Southville International School and Colleges
  • Advanced search
  • Recent comments
  • Most popular
  • Libraries

Log in to your account

Log in with GOOGLE


If you do not have an external account, but do have a local account, you can still log in:

  1. Home
  2. MARC view: Marketing hospitality /
Normal view MARC view ISBD view

Marketing hospitality / (Record no. 14550)

[ view plain ]
MARC details
000 -LEADER
fixed length control field 01295pam a2200325 a 4500
001 - CONTROL NUMBER
control field 2580777
003 - CONTROL NUMBER IDENTIFIER
control field PILC
005 - DATE AND TIME OF LATEST TRANSACTION
control field 20150112093435.0
008 - FIXED-LENGTH DATA ELEMENTS--GENERAL INFORMATION
fixed length control field 960808s1997 nyua b 001 0 eng
010 ## - LIBRARY OF CONGRESS CONTROL NUMBER
LC control number 96036091
020 ## - INTERNATIONAL STANDARD BOOK NUMBER
International Standard Book Number 0471127035 (cloth : alk. paper)
022 ## - INTERNATIONAL STANDARD SERIAL NUMBER
Source 0471127035
040 ## - CATALOGING SOURCE
Original cataloging agency DLC
Transcribing agency DLC
Modifying agency DLC
050 00 - LIBRARY OF CONGRESS CALL NUMBER
Classification number TX 911.3.M3
Item number .P68 1997
082 00 - DEWEY DECIMAL CLASSIFICATION NUMBER
Classification number HSF 647.940688
Item number P875 1997
100 1# - MAIN ENTRY--PERSONAL NAME
Personal name Powers, Tom
9 (RLIN) 12299
245 10 - TITLE STATEMENT
Title Marketing hospitality /
Statement of responsibility, etc Tom Powers.
250 ## - EDITION STATEMENT
Edition statement 2nd ed.
260 ## - PUBLICATION, DISTRIBUTION, ETC. (IMPRINT)
Place of publication, distribution, etc New York :
Name of publisher, distributor, etc Wiley,
Date of publication, distribution, etc 1997.
300 ## - PHYSICAL DESCRIPTION
Extent 440 pages :
Other physical details illustration ;
Dimensions 25 cm.
440 #0 - SERIES STATEMENT/ADDED ENTRY--TITLE
Title Wiley service management series
9 (RLIN) 15951
504 ## - BIBLIOGRAPHY, ETC. NOTE
Bibliography, etc Includes bibliographical references (p. 413-427) and index.
650 #0 - SUBJECT ADDED ENTRY--TOPICAL TERM
Topical term or geographic name as entry element Hospitality industry
General subdivision Marketing.
9 (RLIN) 15952
856 4# - ELECTRONIC LOCATION AND ACCESS
Materials specified Table of Contents only
Uniform Resource Identifier <a href="http://www.loc.gov/catdir/toc/onix01/96036091.html">http://www.loc.gov/catdir/toc/onix01/96036091.html</a>
856 42 - ELECTRONIC LOCATION AND ACCESS
Materials specified Contributor biographical information
Uniform Resource Identifier <a href="http://www.loc.gov/catdir/enhancements/fy0607/96036091-b.html">http://www.loc.gov/catdir/enhancements/fy0607/96036091-b.html</a>
856 42 - ELECTRONIC LOCATION AND ACCESS
Materials specified Publisher description
Uniform Resource Identifier <a href="http://www.loc.gov/catdir/enhancements/fy0607/96036091-d.html">http://www.loc.gov/catdir/enhancements/fy0607/96036091-d.html</a>
906 ## - LOCAL DATA ELEMENT F, LDF (RLIN)
a 7
b cbc
c orignew
d 1
e ocip
f 19
g y-gencatlg
942 ## - ADDED ENTRY ELEMENTS (KOHA)
Source of classification or shelving scheme Library of Congress Classification
Koha item type Books
Holdings
Withdrawn status Lost status Source of classification or shelving scheme Damaged status Home library Current library Shelving location Date acquired Total Checkouts Full call number Barcode Date last seen Copy number Price effective from Koha item type
    Library of Congress Classification   Southville International School Affiliated with Foreign Universities Library Southville International School Affiliated with Foreign Universities Library Southville Foreign University Section 08/31/2013   TX 911.3.M3 .P68 1997 SFU0548 05/15/2018 1 08/31/2013 Books

Marketing hospitality /

APA

Powers T., . (1997). Marketing hospitality. New York: Wiley.

Chicago

Powers Tom, . 1997. Marketing hospitality. New York: Wiley.

Harvard

Powers T., . (1997). Marketing hospitality. New York: Wiley.

MLA

Powers Tom, . Marketing hospitality. New York: Wiley. 1997.

  • Place hold
  • Print
  • Cite
  • Add to your cart (remove)
  • Save record
    BIBTEX Dublin Core MARCXML MARC (non-Unicode/MARC-8) MARC (Unicode/UTF-8) MARC (Unicode/UTF-8, Standard) MODS (XML) RIS
  • More searches
    Search for this title in:
    Other Libraries (WorldCat) Other Databases (Google Scholar) Online Stores (Bookfinder.com) Open Library (openlibrary.org)

Exporting to Dublin Core...

SOUTHVILLE LIBRARY

Southville International School and Colleges Library

1281 Tropical Ave. Cor. Luxembourg St., BF Homes International, Las Pinas City

Tel. No. 8256374 / 252358 Loc. 117/146

Powered by Koha